<?xml version="1.0" encoding="UTF-8"?>
<collection xmlns="http://www.loc.gov/MARC21/slim">
 <record>
  <leader>01485nam a2200205Ia 4500</leader>
  <controlfield tag="001">CTU_108844</controlfield>
  <controlfield tag="008">210402s9999    xx            000 0 und d</controlfield>
  <datafield tag="082" ind1=" " ind2=" ">
   <subfield code="a">952.025</subfield>
  </datafield>
  <datafield tag="082" ind1=" " ind2=" ">
   <subfield code="b">C748</subfield>
  </datafield>
  <datafield tag="245" ind1=" " ind2="0">
   <subfield code="a">Confucianism and Tokugawa culture</subfield>
  </datafield>
  <datafield tag="245" ind1=" " ind2="0">
   <subfield code="c">Edited by Peter Nosco</subfield>
  </datafield>
  <datafield tag="260" ind1=" " ind2=" ">
   <subfield code="a">Princeton, N.J.</subfield>
  </datafield>
  <datafield tag="260" ind1=" " ind2=" ">
   <subfield code="b">Princeton University Press,</subfield>
  </datafield>
  <datafield tag="260" ind1=" " ind2=" ">
   <subfield code="c">1984</subfield>
  </datafield>
  <datafield tag="520" ind1=" " ind2=" ">
   <subfield code="a">Introduction : Neo-Confucianism and Tokugawa discourse / Peter Nosco -- Neo-Confucianism and the formation of early Tokugawa ideology : Contours of a Problem / Herman Ooms -- Tokugawa Confucian historiography : the Hayashi, early Mito School, and Arai Hakuseki / Kate Wildman Nadkai -- Tokugawa peace and popular religion : Suzuki Shosan, Kakugyo Tobutsu, and Jikigyo Miroku / Royall Tyler -- Characteristic responses to Confucianism in Tokugawa literature / Donald Keene -- Nature and artifice in the writings of Ogyu Soria (1666-1728) / Samuel Hideo Yamashita -- Maxuho Zanko (1655-1742) : a Shinto popularizer between nativism and national learning / Peter Nosco -- Jiun Soja (1718-1804) : a response to Confucianism within the context of Buddhist reform / Paul B. Watt -- Neo-Confucian thinkers in nineteenth-century Japan; Takehiko Okada -- Nakae Chomin and Confucianism; Sannosuke Matsumoto</subfield>
  </datafield>
  <datafield tag="650" ind1=" " ind2=" ">
   <subfield code="a">Neo-confucianism,Tân-Khổng giáo</subfield>
  </datafield>
  <datafield tag="650" ind1=" " ind2=" ">
   <subfield code="x">Congresses,Hội nghị</subfield>
  </datafield>
  <datafield tag="650" ind1=" " ind2=" ">
   <subfield code="z">Japan,Nhật Bản</subfield>
  </datafield>
  <datafield tag="904" ind1=" " ind2=" ">
   <subfield code="i">Năm</subfield>
  </datafield>
  <datafield tag="980" ind1=" " ind2=" ">
   <subfield code="a">Trung tâm Học liệu Trường Đại học Cần Thơ</subfield>
  </datafield>
 </record>
</collection>
